| 000 | 00958nam a2200277 i 4500 | ||
|---|---|---|---|
| 001 | bg | ||
| 100 | 1 | _aJERZAK, Leszek | |
| 245 | 1 | 0 |
_aSynurbizacja sroki Pica pica w Eurazji : _b(badania na ziemi lubuskiej i stan w Eurazji) : monografia / _cLeszek Jerzak ; Uniwersytet Zielonogórski. Szkoła Nauk Technicznych. |
| 260 |
_aZielona Góra : _bRedakcja Wydawnictw Naukowo-Technicznych, _c2002. |
||
| 300 |
_a114 s. : _bil., mapy ; _c24 cm. |
||
| 500 | _aStreszcz. ang. | ||
| 504 | _aBibliogr. | ||
| 650 | 9 |
_aSroka _xekologia _zAzja |
|
| 650 | 9 |
_aSroka _xekologia _zEuropa |
|
| 650 | 9 |
_aMiasta _xfauna _zAzja |
|
| 650 | 9 |
_aMiasta _xfauna _zEuropa |
|
| 651 | 9 |
_aLubuska, Ziemia _xmiasta _xfauna |
|
| 710 | 0 |
_aUniwersytet Zielonogórski _bSzkoła Nauk Technicznych |
|
| 020 | _a8389044358 | ||
| 040 | _cBPK | ||
| 041 | 0 |
_apol _beng |
|
| 080 | _a598.2-15:504](4/5-21) | ||
| 920 | _a83-89044-35-8 | ||
| 942 | _cKS | ||
| 008 | s pl f |000 0 pol | ||
| 999 |
_c42634 _d42634 |
||
| 856 |
_uhttp://koha.tu.koszalin.pl/cgi-bin/koha/opac-detail.pl?biblionumber=42634 _yKatalog online BPK |
||